Les plus longs fleuves d'Europe - Statistiques

Statistiques générales
  • Ce quiz a été pris 386 fois
  • Le résultat moyen est 7 sur 14
Statistiques - réponses
Longueurs Fleuves % Correct
2 3020 km Le Danube
96%
8 1233 km Le Rhin
94%
13 1006 km La Loire
91%
1 3700 km La Volga
84%
9 1091 km L'Elbe
53%
10 1078 km Le Tage
48%
4 2290 km Le Dniepr
47%
11 1047 km La Vistule
41%
5 1950 km Le Don
37%
14 950 km La Meuse
36%
7 1362 km La Dniestr
25%
3 2428 km L'Oural
20%
6 1809 km La Petchora
7%
12 1020 km La Daugava
6%
Aucun quiz correspondant
Distribution des résultats
% des personnes avec chaque résultat
Percentile par nombre de réponses
Votre historique - résultats
Vous n’avez pas pris ce quiz